[Event "Riga Tech op-A"]
[Site "Riga"]
[Date "2023.08.08"]
[Round "3"]
[White "Kaasen, Tor Fredrik"]
[Black "Oye Stromberg, Alexander"]
[Result "1-0"]
[WhiteElo "2475"]
[BlackElo "2292"]
[PlyCount "83"]
[EventDate "2023.08.07"]
[EventType "swiss"]
[EventRounds "9"]
[EventCountry "LAT"]
[SourceTitle "CBM 215 Extra"]
[Source "ChessBase"]
[SourceDate "2023.09.30"]
[SourceVersion "1"]
[SourceVersionDate "2023.09.30"]
[SourceQuality "1"]

1. c4 e6 2. Nc3 d5 3. d4 Nf6 4. cxd5 exd5 5. Bg5 Be7 6. e3 c6 7. Bd3 0-0 8. Nge2 h6 9. Bh4 Ne8 10. Bg3 Nd6 11. Qc2 Re8 12. 0-0 Bf8 13. Rae1 a5 14. Nf4 Na6 15. a3 b5 16. f3 Nc4 17. Nd1 Bb7 18. Qf2 c5 19. Bb1 Qf6 20. Nc3 cxd4 21. exd4 Nc7 22. Rxe8 Rxe8 23. Nh5 Qg5 24. Bxc7 Qxh5 25. h4 f5 26. Nxb5 Ba6 27. a4 Bb4 28. Bf4 Re7 29. b3 Nb6 30. Qc2 Rf7 31. Bg3 Kh8 32. Rc1 Rf6 33. Be5 Rf7 34. Qf2 Nd7 35. Nd6 Bxd6 36. Bxd6 Rf6 37. Bc7 Re6 38. Re1 Nf8 39. Bxa5 Rxe1+ 40. Qxe1 Ng6 41. Qe8+ Kh7 42. Be1 1-0

[Event "NOR-ch"]
[Site "Oslo"]
[Date "2023.07.08"]
[Round "9"]
[White "Oye Stromberg, Alexander"]
[Black "Vestby Ellingsen, Mads"]
[Result "1/2-1/2"]
[WhiteElo "2300"]
[BlackElo "2358"]
[PlyCount "51"]
[EventDate "2023.06.30"]
[EventType "swiss"]
[EventRounds "9"]
[EventCountry "NOR"]
[SourceTitle "CBM 215 Extra"]
[Source "ChessBase"]
[SourceDate "2023.09.30"]
[SourceVersion "1"]
[SourceVersionDate "2023.09.30"]
[SourceQuality "1"]

1. e4 c5 2. Nf3 d6 3. d4 cxd4 4. Nxd4 Nf6 5. Nc3 Nc6 6. Bc4 Qb6 7. Nb3 e6 8. Bf4 Ne5 9. Be2 Bd7 10. Be3 Qc7 11. Qd4 Be7 12. f4 Ng6 13. Nb5 Qb8 14. Rd1 e5 15. Nxd6+ Bxd6 16. Qxd6 Qxd6 17. Rxd6 exf4 18. e5 Ne4 19. Rd4 Ng5 20. Bd2 Ne6 21. Rd6 Nxe5 22. 0-0 0-0-0 23. Bxf4 Nxf4 24. Rxf4 Bc6 25. Rxd8+ Rxd8 26. Rd4 1/2-1/2

[Event "NOR-ch"]
[Site "Oslo"]
[Date "2023.07.07"]
[Round "8"]
[White "Melaa, Sondre Lillestol"]
[Black "Oye Stromberg, Alexander"]
[Result "1-0"]
[WhiteElo "2230"]
[BlackElo "2300"]
[PlyCount "79"]
[EventDate "2023.06.30"]
[EventType "swiss"]
[EventRounds "9"]
[EventCountry "NOR"]
[SourceTitle "CBM 215 Extra"]
[Source "ChessBase"]
[SourceDate "2023.09.30"]
[SourceVersion "1"]
[SourceVersionDate "2023.09.30"]
[SourceQuality "1"]

1. d4 Nf6 2. c4 e6 3. Nf3 d5 4. Nc3 dxc4 5. e4 b5 6. e5 Nd5 7. Nxb5 Nb6 8. Be2 Nc6 9. 0-0 Be7 10. Qd2 Qd7 11. Nc3 Bb7 12. Rd1 Nb4 13. Qf4 N4d5 14. Qg4 Nxc3 15. bxc3 Bf8 16. a4 a5 17. Nd2 Bd5 18. Ba3 h5 19. Qh3 0-0-0 20. Rdb1 Bxa3 21. Rxa3 g5 22. Rb5 Qe7 23. Ra1 g4 24. Qe3 f5 25. exf6 Qxf6 26. Rxa5 Rdf8 27. Rc5 Rf7 28. Nxc4 Nxc4 29. Bxc4 g3 30. fxg3 h4 31. Rf1 hxg3 32. Qxg3 Qe7 33. Rxf7 Qxf7 34. Bxd5 exd5 35. Qf3 Qh7 36. Qh3+ Qxh3 37. gxh3 Rxh3 38. Kg2 Re3 39. a5 Kb7 40. a6+ 1-0

[Event "NOR-ch"]
[Site "Oslo"]
[Date "2023.07.04"]
[Round "5"]
[White "Tari, Aryan"]
[Black "Oye Stromberg, Alexander"]
[Result "1-0"]
[WhiteElo "2646"]
[BlackElo "2300"]
[PlyCount "85"]
[EventDate "2023.06.30"]
[EventType "swiss"]
[EventRounds "9"]
[EventCountry "NOR"]
[SourceTitle "CBM 215 Extra"]
[Source "ChessBase"]
[SourceDate "2023.09.30"]
[SourceVersion "1"]
[SourceVersionDate "2023.09.30"]
[SourceQuality "1"]

1. c4 e6 2. Nc3 d5 3. d4 Be7 4. cxd5 exd5 5. Bf4 c6 6. e3 Bf5 7. Nge2 Nd7 8. h4 Bxh4 9. Qb3 Nb6 10. a4 Bc8 11. a5 Nc4 12. e4 Be7 13. exd5 cxd5 14. Qb5+ Bd7 15. Qxb7 Nf6 16. Ng3 0-0 17. Bxc4 dxc4 18. 0-0 Qc8 19. a6 Re8 20. d5 Bc5 21. Bc7 h5 22. d6 h4 23. Nge4 Nxe4 24. Nxe4 Bb6 25. Rfc1 Bb5 26. Nc3 Bxf2+ 27. Kxf2 Qf5+ 28. Qf3 Qc5+ 29. Kf1 h3 30. gxh3 Bc6 31. Qf4 Qh5 32. Qg4 Qh7 33. Re1 Re6 34. Rxe6 fxe6 35. Kg1 Qd3 36. Re1 Rf8 37. d7 Qd2 38. Qe2 Qg5+ 39. Kh2 Bxd7 40. Be5 Qh4 41. Bg3 Qh6 42. Qe3 Qh7 43. Qe4 1-0

[Event "NOR-ch"]
[Site "Oslo"]
[Date "2023.07.02"]
[Round "3"]
[White "Oye Stromberg, Alexander"]
[Black "Ingebretsen, Jens E"]
[Result "1/2-1/2"]
[WhiteElo "2300"]
[BlackElo "2342"]
[PlyCount "111"]
[EventDate "2023.06.30"]
[EventType "swiss"]
[EventRounds "9"]
[EventCountry "NOR"]
[SourceTitle "CBM 215 Extra"]
[Source "ChessBase"]
[SourceDate "2023.09.30"]
[SourceVersion "1"]
[SourceVersionDate "2023.09.30"]
[SourceQuality "1"]

1. e4 c5 2. Nf3 Nc6 3. d4 cxd4 4. Nxd4 Nf6 5. Nc3 e5 6. Ndb5 d6 7. Bg5 a6 8. Na3 b5 9. Nd5 Be7 10. Bxf6 Bxf6 11. c3 Rb8 12. Nc2 Bg5 13. a4 bxa4 14. Ncb4 Nxb4 15. cxb4 0-0 16. h4 Bh6 17. Rxa4 a5 18. b5 Bd7 19. Nc3 d5 20. exd5 f5 21. Be2 Kh8 22. Qa1 e4 23. Qa3 Qf6 24. g3 Rbe8 25. 0-0 g5 26. Rxa5 gxh4 27. Ra6 Qg7 28. Qd6 Bg5 29. Ra7 Rd8 30. b6 hxg3 31. fxg3 Be3+ 32. Kg2 f4 33. Nxe4 Bf5 34. Rxf4 Bxf4 35. Qxf4 Qd4 36. Nf2 Bh3+ 37. Nxh3 Rxf4 38. Nxf4 Qxb6 39. Re7 Qb4 40. Rf7 Qxb2 41. Kh3 Qc1 42. Bf3 Qe1 43. Nh5 Qf1+ 44. Kh4 Qc4+ 45. Bg4 Kg8 46. Rf4 Qc1 47. Be6+ Kh8 48. Rf7 Qh1+ 49. Bh3 Qe4+ 50. Bg4 Rg8 51. Nf6 Rxg4+ 52. Nxg4 Qh1+ 53. Kg5 Qxd5+ 54. Rf5 Qd2+ 55. Kh4 Kg7 56. Rg5+ 1/2-1/2

[Event "Fagernes op-A"]
[Site "Fagernes"]
[Date "2023.04.08"]
[Round "8"]
[White "Oye Stromberg, Alexander"]
[Black "Andersen, Morten"]
[Result "1-0"]
[WhiteElo "2329"]
[BlackElo "2156"]
[PlyCount "81"]
[EventDate "2023.04.02"]
[EventType "swiss"]
[EventRounds "9"]
[EventCountry "NOR"]
[SourceTitle "CBM 213 Extra"]
[Source "ChessBase"]
[SourceDate "2023.05.31"]
[SourceVersion "1"]
[SourceVersionDate "2023.05.31"]
[SourceQuality "1"]

1. e4 c5 2. Nf3 Nc6 3. d4 cxd4 4. Nxd4 e5 5. Nb5 d6 6. c4 Be7 7. Bd3 a6 8. N5c3 Bg5 9. Nd5 Bxc1 10. Qxc1 Nge7 11. 0-0 Nxd5 12. exd5 Nb4 13. Qd2 Nxd3 14. Qxd3 0-0 15. Nc3 Qg5 16. f4 Bf5 17. Qf3 Qg6 18. fxe5 Bd3 19. Rfe1 Bxc4 20. Qf4 b5 21. exd6 Rad8 22. Rad1 Rxd6 23. Qd4 h5 24. b3 b4 25. bxc4 bxc3 26. Qxc3 Qg4 27. Qd4 Qxd4+ 28. Rxd4 Rc8 29. Rc1 Rc5 30. Kf2 Kf8 31. Ke3 Ke7 32. Re4+ Kd7 33. Rf1 f6 34. Kd4 Ra5 35. Rf2 Rb6 36. Rfe2 Rb4 37. Re7+ Kd8 38. Re8+ Kd7 39. R2e7+ Kd6 40. Rxg7 Rxd5+ 41. Kc3 1-0

[Event "Fagernes op-A"]
[Site "Fagernes"]
[Date "2023.04.05"]
[Round "4"]
[White "Oye Stromberg, Alexander"]
[Black "Sammed Jaykumar, Shete"]
[Result "0-1"]
[WhiteElo "2329"]
[BlackElo "2454"]
[PlyCount "66"]
[EventDate "2023.04.02"]
[EventType "swiss"]
[EventRounds "9"]
[EventCountry "NOR"]
[SourceTitle "CBM 213 Extra"]
[Source "ChessBase"]
[SourceDate "2023.05.31"]
[SourceVersion "1"]
[SourceVersionDate "2023.05.31"]
[SourceQuality "1"]

1. e4 c5 2. Nf3 d6 3. d4 cxd4 4. Nxd4 Nf6 5. Nc3 Nc6 6. Bc4 e6 7. Be3 Be7 8. Qe2 a6 9. 0-0-0 Qc7 10. Bb3 b5 11. Rhg1 Bd7 12. a3 Na5 13. g4 Nxb3+ 14. Nxb3 Bc6 15. f3 Nd7 16. f4 0-0 17. g5 Nc5 18. f5 Nxb3+ 19. cxb3 Rfe8 20. f6 Bf8 21. Rg4 a5 22. Rh4 g6 23. Rd3 b4 24. Qf2 e5 25. Bb6 Qc8 26. Rdh3 h6 27. gxh6 Kh7 28. Rg3 bxc3 29. Rhg4 Qe6 30. h4 Rac8 31. h5 Qxb3 32. hxg6+ fxg6 33. Rxc3 Ba4 0-1

[Event "Oslo Kvisla"]
[Site "Oslo"]
[Date "2023.03.27"]
[Round "8"]
[White "Carlsson, Ludvig"]
[Black "Oye Stromberg, Alexander"]
[Result "0-1"]
[WhiteElo "2375"]
[BlackElo "2328"]
[PlyCount "56"]
[EventDate "2023.03.20"]
[EventType "tourn"]
[EventRounds "9"]
[EventCountry "NOR"]
[EventCategory "6"]
[SourceTitle "CBM 213 Extra"]
[Source "ChessBase"]
[SourceDate "2023.05.31"]
[SourceVersion "1"]
[SourceVersionDate "2023.05.31"]
[SourceQuality "1"]

1. d4 Nf6 2. c4 e6 3. g3 d5 4. Bg2 Be7 5. Nf3 0-0 6. 0-0 dxc4 7. Ne5 Qd6 8. Na3 Qa6 9. Naxc4 Rd8 10. b4 Bxb4 11. Bb2 Nbd7 12. Qb3 Bf8 13. f4 Nb6 14. Rac1 c5 15. Nxf7 Kxf7 16. Ne5+ Kg8 17. dxc5 Nbd5 18. e4 Nc7 19. c6 Qb6+ 20. Qxb6 axb6 21. cxb7 Bxb7 22. Rxc7 Bxe4 23. Ng4 Bxg2 24. Nxf6+ gxf6 25. Kxg2 Rd2+ 26. Rf2 Rxf2+ 27. Kxf2 Rxa2 28. Rc2 Ba3 0-1

[Event "Oslo Kvisla"]
[Site "Oslo"]
[Date "2023.03.20"]
[Round "1"]
[White "Kulaots, Kaido"]
[Black "Oye Stromberg, Alexander"]
[Result "1-0"]
[WhiteElo "2525"]
[BlackElo "2328"]
[PlyCount "81"]
[EventDate "2023.03.20"]
[EventType "tourn"]
[EventRounds "9"]
[EventCountry "NOR"]
[EventCategory "6"]
[SourceTitle "CBM 213 Extra"]
[Source "ChessBase"]
[SourceDate "2023.05.31"]
[SourceVersion "1"]
[SourceVersionDate "2023.05.31"]
[SourceQuality "1"]

1. c4 e6 2. Nc3 d5 3. d4 Nf6 4. cxd5 exd5 5. Bg5 c6 6. e3 Be7 7. Bd3 0-0 8. Nge2 h6 9. Bh4 Ne8 10. Bg3 Nd6 11. 0-0 Re8 12. Qc2 a5 13. f3 Na6 14. a3 Bh4 15. e4 Bxg3 16. Nxg3 dxe4 17. fxe4 c5 18. Qf2 cxd4 19. Qxd4 Qg5 20. Nd5 Be6 21. e5 Bxd5 22. exd6 Qe5 23. Qxe5 Rxe5 24. Rae1 Rxe1 25. Rxe1 Nc5 26. Bb5 Rd8 27. Re5 Rxd6 28. Nf5 Rb6 29. Rxd5 Rxb5 30. Nd4 Rxb2 31. Rxc5 b6 32. Rc2 Rb1+ 33. Kf2 b5 34. Rc5 Rb2+ 35. Kf3 Ra2 36. Nxb5 Kh7 37. h4 Kg6 38. Rc6+ Kh5 39. Kg3 Rb2 40. Rc5+ g5 41. Nd4 1-0

[Event "Noisiel op 8th"]
[Site "Noisiel"]
[Date "2023.02.23"]
[Round "9"]
[White "Oye Stromberg, Alexander"]
[Black "Vignesh, NR."]
[Result "1-0"]
[WhiteElo "2272"]
[BlackElo "2490"]
[PlyCount "113"]
[EventDate "2023.02.18"]
[EventType "swiss"]
[EventRounds "9"]
[EventCountry "FRA"]
[SourceTitle "CBM 212 Extra"]
[Source "ChessBase"]
[SourceDate "2023.03.31"]
[SourceVersion "1"]
[SourceVersionDate "2023.03.31"]
[SourceQuality "1"]

1. e4 c5 2. Nf3 d6 3. d4 cxd4 4. Nxd4 Nf6 5. Nc3 a6 6. Bg5 e6 7. f4 h6 8. Bh4 Qb6 9. a3 Nc6 10. Bf2 Qc7 11. Qf3 Bd7 12. 0-0-0 Be7 13. g4 Nxd4 14. Bxd4 e5 15. fxe5 dxe5 16. Qg3 Bd6 17. Bf2 Rc8 18. Bd3 Bxa3 19. Nd5 Nxd5 20. exd5 Bd6 21. Kb1 0-0 22. Qf3 Rce8 23. Rdg1 e4 24. Bxe4 f5 25. gxf5 Rxe4 26. Qxe4 Bxf5 27. Qe2 Rc8 28. Rc1 Bxh2 29. Bb6 Qxb6 30. Qxh2 Qf6 31. Rhe1 Rc5 32. Qe5 Qg6 33. Re2 Kh7 34. Qd4 Qd6 35. Rg1 Rc7 36. Reg2 g5 37. Rf1 Qg6 38. Rff2 Re7 39. Re2 Rd7 40. Qe5 g4 41. Rgf2 Rf7 42. Rg2 h5 43. Qg3 Qg5 44. Rh2 Bg6 45. d6 Rf3 46. Qe1 Rf7 47. Re7 Rxe7 48. dxe7 Be8 49. Qe4+ Kg7 50. Rf2 g3 51. Rf5 Qg4 52. Qe5+ Kh7 53. Rg5 Qd1+ 54. Ka2 Bf7+ 55. Ka3 Qa1+ 56. Kb4 a5+ 57. Kc3 1-0

[Event "Noisiel op 8th"]
[Site "Noisiel"]
[Date "2023.02.21"]
[Round "5"]
[White "Oye Stromberg, Alexander"]
[Black "Iniyan, Panneerseluam"]
[Result "0-1"]
[WhiteElo "2272"]
[BlackElo "2514"]
[PlyCount "102"]
[EventDate "2023.02.18"]
[EventType "swiss"]
[EventRounds "9"]
[EventCountry "FRA"]
[SourceTitle "CBM 212 Extra"]
[Source "ChessBase"]
[SourceDate "2023.03.31"]
[SourceVersion "1"]
[SourceVersionDate "2023.03.31"]
[SourceQuality "1"]

1. d4 Nf6 2. c4 e6 3. Nf3 b6 4. g3 Bb7 5. Bg2 Be7 6. 0-0 0-0 7. Nc3 Ne4 8. Qc2 Nxc3 9. Qxc3 d6 10. b3 Nd7 11. Bb2 Qe8 12. Rac1 f5 13. Qe3 Bf6 14. Ng5 Bxg2 15. Kxg2 e5 16. dxe5 dxe5 17. Rcd1 Nc5 18. Nf3 f4 19. gxf4 Qg6+ 20. Kh1 exf4 21. Qc1 Ne4 22. Bxf6 Rxf6 23. Rd4 Re8 24. Qd1 h6 25. Qd3 Rfe6 26. Nd2 Nc5 27. Qf3 Rxe2 28. Rg1 Re1 29. Nf1 Qb1 30. Qg2 R8e7 31. Rxf4 Ne4 32. Qh3 Ng5 33. Qg2 Qd3 34. Rg4 Kh8 35. h4 Qh3+ 36. Qh2 Rxf1 37. Qxh3 Rxg1+ 38. Kxg1 Nxh3+ 39. Kg2 Re2 40. Kxh3 Rxf2 41. Re4 Rxa2 42. Re7 c5 43. Kg4 Kh7 44. Kh5 Ra3 45. Rb7 Ra1 46. Rc7 a6 47. Rb7 Rg1 48. Ra7 Rg3 49. b4 cxb4 50. c5 b3 51. Rb7 b2 0-1

[Event "Prague op 21st"]
[Site "Prague"]
[Date "2023.01.09"]
[Round "5"]
[White "Oye Stromberg, Alexander"]
[Black "Baumegger, Siegfried"]
[Result "0-1"]
[WhiteElo "2254"]
[BlackElo "2439"]
[PlyCount "60"]
[EventDate "2023.01.06"]
[EventType "swiss"]
[EventRounds "9"]
[EventCountry "CZE"]
[SourceTitle "CBM 212 Extra"]
[Source "ChessBase"]
[SourceDate "2023.03.31"]
[SourceVersion "1"]
[SourceVersionDate "2023.03.31"]
[SourceQuality "1"]

1. e4 c5 2. Nf3 Nc6 3. d4 cxd4 4. Nxd4 g6 5. Nc3 Bg7 6. Be3 Nf6 7. Bc4 0-0 8. Bb3 d6 9. f3 Bd7 10. Qd2 Nxd4 11. Bxd4 b5 12. a4 b4 13. Ne2 a5 14. h4 Be6 15. h5 Bxb3 16. cxb3 e5 17. Be3 d5 18. hxg6 fxg6 19. exd5 Qxd5 20. Qxd5+ Nxd5 21. Bh6 Bxh6 22. Rxh6 Ne3 23. Rc1 Rac8 24. Rxc8 Rxc8 25. Kf2 Nf5 26. Rh1 Rc2 27. Rc1 Rxb2 28. Rc5 e4 29. Ke1 e3 30. g4 Nh4 0-1

[Event "NOR-chT Elite 2223"]
[Site "Norway"]
[Date "2022.11.12"]
[Round "2.22"]
[White "Hauge, Lars Oskar"]
[Black "Oye Stromberg, Alexander"]
[Result "1/2-1/2"]
[WhiteElo "2518"]
[BlackElo "2252"]
[PlyCount "75"]
[EventDate "2022.11.11"]
[EventType "team-tourn"]
[EventRounds "9"]
[EventCountry "NOR"]
[SourceTitle "CBM 211 Extra"]
[Source "ChessBase"]
[SourceDate "2023.01.31"]
[SourceVersion "1"]
[SourceVersionDate "2023.01.31"]
[SourceQuality "1"]
[WhiteTeam "OSS"]
[BlackTeam "Hell"]
[WhiteTeamCountry "NOR"]
[BlackTeamCountry "NOR"]

1. d4 Nf6 2. Nc3 d5 3. Bf4 e6 4. e3 a6 5. g4 c5 6. g5 Nfd7 7. Nf3 Nc6 8. Bg2 Nb6 9. 0-0 Bd6 10. Ne2 cxd4 11. exd4 Qc7 12. Bxd6 Qxd6 13. Ng3 Bd7 14. b3 h6 15. c4 Qe7 16. Re1 hxg5 17. Ne5 Nxe5 18. Rxe5 Bc6 19. Qe1 0-0-0 20. Rc1 Kb8 21. Qa5 Qc7 22. cxd5 Nxd5 23. Qxc7+ Kxc7 24. Rxg5 g6 25. Bxd5 Rxd5 26. Rxd5 exd5 27. Kg2 Kd6 28. f3 Rh4 29. Rd1 Bb5 30. Rd2 Rh8 31. Nh1 Bd7 32. Nf2 Bf5 33. Nd1 Re8 34. Kf2 Rh8 35. Kg3 Re8 36. Kf2 Rh8 37. Kg2 Re8 38. Kf2 1/2-1/2

[Event "Titled Tuesday intern op 08th Nov Late"]
[Site "Chess.com INT"]
[Date "2022.11.08"]
[Round "3"]
[White "Oye Stromberg, Alexander"]
[Black "Lewtak, Damian"]
[Result "0-1"]
[WhiteElo "2252"]
[BlackElo "2385"]
[PlyCount "130"]
[EventDate "2022.11.08"]
[EventType "swiss (blitz)"]
[EventRounds "11"]
[EventCountry "USA"]
[SourceTitle "EXT 2024"]
[Source "ChessBase"]
[SourceDate "2023.10.10"]
[SourceVersion "1"]
[SourceVersionDate "2023.10.10"]
[SourceQuality "1"]

1. e4 c5 2. Nf3 d6 3. d4 cxd4 4. Nxd4 Nf6 5. Nc3 Nc6 6. Bg5 e6 7. Qd2 a6 8. 0-0-0 Bd7 9. f4 b5 10. Nf3 b4 11. Bxf6 gxf6 12. Ne2 Qb6 13. Ned4 Nxd4 14. Qxd4 Qxd4 15. Nxd4 h5 16. f5 Bh6+ 17. Kb1 Bf4 18. Bc4 Ke7 19. fxe6 fxe6 20. g3 Be5 21. Nf3 a5 22. Nxe5 fxe5 23. Rhf1 Rag8 24. Rf3 Rf8 25. Rfd3 Bc8 26. Rxd6 Rf2 27. R6d2 Rhf8 28. a3 bxa3 29. bxa3 Rxd2 30. Rxd2 Bd7 31. Ka2 Bc6 32. Bd3 Rf3 33. Re2 Kd6 34. Kb3 Kc5 35. Kc3 Rf1 36. Rg2 Rh1 37. Kd2 Ra1 38. h3 Rxa3 39. g4 hxg4 40. hxg4 Ra1 41. g5 Rb1 42. g6 Rb8 43. g7 Rg8 44. Kc3 Kd6 45. Rg5 Bd7 46. Bc4 a4 47. Kb4 Ke7 48. Rxe5 Rxg7 49. Ra5 Rg4 50. e5 Kd8 51. Kc5 Re4 52. Ra8+ Kc7 53. Ra7+ Kd8 54. Kd6 Rd4+ 55. Kc5 Rd2 56. Bd3 Ke7 57. Bb5 Rd5+ 58. Kc4 Rxb5 59. Rxd7+ Kxd7 60. Kxb5 a3 61. Kb6 a2 62. c4 a1Q 63. c5 Qb2+ 64. Ka6 Kc6 65. Ka7 Qb7# 0-1

[Event "Wch U20 59th"]
[Site "Cala Gonone"]
[Date "2022.10.21"]
[Round "10"]
[White "Kanyamarala, Tarun"]
[Black "Oye Stromberg, Alexander"]
[Result "0-1"]
[WhiteElo "2407"]
[BlackElo "2233"]
[PlyCount "92"]
[EventDate "2022.10.12"]
[EventType "swiss"]
[EventRounds "11"]
[EventCountry "ITA"]
[SourceTitle "CBM 210 Extra"]
[Source "ChessBase"]
[SourceDate "2022.11.30"]
[SourceVersion "1"]
[SourceVersionDate "2022.11.30"]
[SourceQuality "1"]

1. d4 Nf6 2. c4 e6 3. Nc3 Bb4 4. a3 Bxc3+ 5. bxc3 b6 6. f3 Nc6 7. e4 d6 8. Bd3 Na5 9. Bg5 h6 10. Bh4 e5 11. Ne2 Ba6 12. 0-0 g5 13. Bf2 Nh5 14. c5 Bxd3 15. Qxd3 dxc5 16. Qc2 0-0 17. dxc5 Qe7 18. c4 Qe6 19. Rac1 Rfd8 20. Nc3 Qxc4 21. Nd5 Qxc2 22. Rxc2 c6 23. Ne7+ Kf8 24. Nf5 b5 25. a4 Nc4 26. axb5 cxb5 27. c6 Rac8 28. g4 Nf4 29. Bc5+ Kg8 30. Ne7+ Kg7 31. Nxc8 Rxc8 32. Rb1 a6 33. Rd1 Rxc6 34. Be7 Re6 35. Rd7 Rc6 36. Rd8 Ne6 37. Ra8 Nd4 38. Ra2 a5 39. Kf2 b4 40. h4 b3 41. Bf8+ Kh7 42. Ra1 Nb6 43. R8xa5 Rc2+ 44. Ke3 Nc4+ 45. Kd3 Nb2+ 46. Ke3 Re2# 0-1

[Event "Wch U20 59th"]
[Site "Cala Gonone"]
[Date "2022.10.15"]
[Round "5"]
[White "Neelash, Saha"]
[Black "Oye Stromberg, Alexander"]
[Result "1/2-1/2"]
[WhiteElo "2446"]
[BlackElo "2233"]
[PlyCount "107"]
[EventDate "2022.10.12"]
[EventType "swiss"]
[EventRounds "11"]
[EventCountry "ITA"]
[SourceTitle "CBM 210 Extra"]
[Source "ChessBase"]
[SourceDate "2022.11.30"]
[SourceVersion "1"]
[SourceVersionDate "2022.11.30"]
[SourceQuality "1"]

1. d4 Nf6 2. c4 e6 3. Nf3 d5 4. g3 Be7 5. Bg2 0-0 6. 0-0 dxc4 7. Qc2 a6 8. a4 Bd7 9. Qxc4 Bc6 10. Bg5 Nbd7 11. Nc3 h6 12. Bxf6 Nxf6 13. Rfd1 a5 14. Ne5 Bxg2 15. Kxg2 c6 16. e4 Qc7 17. f3 Rfd8 18. Rac1 Rac8 19. Ne2 Nd7 20. Nd3 Bf8 21. Ndf4 Nf6 22. Qb3 Qb8 23. Nd3 Qc7 24. Ne5 Bd6 25. Nc4 Bb4 26. Nf4 Qe7 27. Qe3 Nd7 28. Nd3 b5 29. Nce5 Nxe5 30. Nxe5 Qb7 31. Qb3 bxa4 32. Qxa4 c5 33. dxc5 Rxd1 34. Rxd1 Bxc5 35. Nd3 Bb4 36. Kh3 Rd8 37. Nc5 Qc8 38. Nd7 Qc7 39. Qb5 Be7 40. Rd3 Bd6 41. e5 Be7 42. Rd4 Qa7 43. Qd3 Qc7 44. b3 Qa7 45. f4 Qc7 46. g4 Qc1 47. Nf6+ Bxf6 48. Rxd8+ Bxd8 49. Qxd8+ Kh7 50. Qd3+ g6 51. f5 exf5 52. gxf5 Qg5 53. fxg6+ Qxg6 54. Qd5 1/2-1/2

[Event "Wch U20 59th"]
[Site "Cala Gonone"]
[Date "2022.10.13"]
[Round "3"]
[White "Droin, Augustin"]
[Black "Oye Stromberg, Alexander"]
[Result "1-0"]
[WhiteElo "2416"]
[BlackElo "2233"]
[PlyCount "69"]
[EventDate "2022.10.12"]
[EventType "swiss"]
[EventRounds "11"]
[EventCountry "ITA"]
[SourceTitle "CBM 210 Extra"]
[Source "ChessBase"]
[SourceDate "2022.11.30"]
[SourceVersion "1"]
[SourceVersionDate "2022.11.30"]
[SourceQuality "1"]

1. e4 e5 2. Nf3 Nc6 3. Bb5 a6 4. Ba4 Nf6 5. d3 b5 6. Bb3 Be7 7. a4 b4 8. 0-0 d6 9. a5 0-0 10. h3 Rb8 11. Nbd2 h6 12. c3 Be6 13. Bxe6 fxe6 14. d4 exd4 15. cxd4 Rb5 16. Nb3 d5 17. e5 Ne4 18. Ne1 Rf5 19. Nd3 Nb8 20. Qg4 Bg5 21. Nbc5 Nxc5 22. Nxc5 Rxc5 23. dxc5 Nc6 24. Qe2 Bxc1 25. Qxa6 Nd4 26. Raxc1 Qg5 27. Kh1 Rxf2 28. Rxf2 Qxc1+ 29. Qf1 Qxc5 30. a6 Nf5 31. Rf3 d4 32. Qa1 Qa7 33. Qa2 b3 34. Qxb3 Qxa6 35. Rxf5 1-0

[Event "Wch U20 59th"]
[Site "Cala Gonone"]
[Date "2022.10.12"]
[Round "1"]
[White "Oye Stromberg, Alexander"]
[Black "Zhu, Jiner"]
[Result "0-1"]
[WhiteElo "2233"]
[BlackElo "2484"]
[PlyCount "104"]
[EventDate "2022.10.12"]
[EventType "swiss"]
[EventRounds "11"]
[EventCountry "ITA"]
[SourceTitle "CBM 210 Extra"]
[Source "ChessBase"]
[SourceDate "2022.11.30"]
[SourceVersion "1"]
[SourceVersionDate "2022.11.30"]
[SourceQuality "1"]

1. d4 Nf6 2. c4 e6 3. Nc3 Bb4 4. Qc2 0-0 5. a3 Bxc3+ 6. Qxc3 d5 7. Nf3 dxc4 8. Qxc4 b6 9. h4 Bb7 10. Bf4 c5 11. dxc5 Bd5 12. Qc2 Nbd7 13. c6 Rc8 14. c7 Qe7 15. e3 e5 16. Bg3 Bxf3 17. gxf3 Ne8 18. Ba6 Rxc7 19. Qe2 Nc5 20. Rd1 Nd6 21. Kf1 f5 22. h5 Nxa6 23. Qxa6 Nc4 24. Qb5 f4 25. exf4 exf4 26. Bh4 Qe6 27. Re1 Qf7 28. Re7 Rxe7 29. Bxe7 Rc8 30. Bb4 a5 31. Bc3 Rc5 32. Qa6 Qd5 33. Kg2 Qg5+ 34. Kf1 Qd8 35. Ke2 Rc7 36. Re1 h6 37. Qb5 Rc5 38. Qa4 b5 39. Qc2 b4 40. axb4 axb4 41. Bxb4 Qe8+ 42. Kf1 Qb5 43. Re8+ Qxe8 44. Bxc5 Qb5 45. Qe2 Qxc5 46. Qe8+ Qf8 47. Qe6+ Qf7 48. Qc8+ Kh7 49. b4 Qd5 50. Qe8 Ne5 51. b5 Qd1+ 52. Kg2 Qxf3+ 0-1

[Event "Titled Tuesday intern op 27th Sep Late"]
[Site "Chess.com INT"]
[Date "2022.09.27"]
[Round "2"]
[White "Mangialardo, Tiago Carvalho"]
[Black "Oye Stromberg, Alexander"]
[Result "0-1"]
[WhiteElo "1965"]
[BlackElo "2284"]
[PlyCount "58"]
[EventDate "2022.09.27"]
[EventType "swiss (blitz)"]
[EventRounds "11"]
[EventCountry "USA"]
[SourceTitle "CBM 210 Extra"]
[Source "ChessBase"]
[SourceDate "2022.11.30"]
[SourceVersion "1"]
[SourceVersionDate "2022.11.30"]
[SourceQuality "1"]

1. e4 c5 2. Nf3 Nc6 3. d4 cxd4 4. Nxd4 Nf6 5. Nc3 d6 6. Be3 Ng4 7. Qf3 Nxe3 8. Qxe3 Qb6 9. Ndb5 Qxe3+ 10. fxe3 Kd8 11. Bc4 a6 12. Nd4 e6 13. 0-0 Ke8 14. Rf2 Be7 15. Na4 Bf6 16. c3 Ke7 17. Nb6 Rb8 18. Rd1 Ne5 19. Bb3 Nd7 20. Nc4 Nc5 21. Bc2 Rd8 22. h3 Bd7 23. g4 h6 24. Kg2 Bc6 25. Kf3 Be8 26. b4 Nd7 27. a4 Rdc8 28. Nd2 Rxc3 29. N2b3 Ne5+ 0-1

[Event "Titled Tuesday intern op 27th Sep Late"]
[Site "Chess.com INT"]
[Date "2022.09.27"]
[Round "1"]
[White "Oye Stromberg, Alexander"]
[Black "Harvey, Marcus Ross"]
[Result "0-1"]
[WhiteElo "2284"]
[BlackElo "2456"]
[PlyCount "102"]
[EventDate "2022.09.27"]
[EventType "swiss (blitz)"]
[EventRounds "11"]
[EventCountry "USA"]
[SourceTitle "CBM 210 Extra"]
[Source "ChessBase"]
[SourceDate "2022.11.30"]
[SourceVersion "1"]
[SourceVersionDate "2022.11.30"]
[SourceQuality "1"]

1. d4 Nf6 2. c4 e6 3. Nc3 Bb4 4. Qc2 0-0 5. a3 Bxc3+ 6. Qxc3 b6 7. Bg5 Bb7 8. f3 h6 9. Bh4 c5 10. dxc5 bxc5 11. Bxf6 Qxf6 12. Qxf6 gxf6 13. e4 Nc6 14. 0-0-0 Nd4 15. Ne2 e5 16. Nxd4 exd4 17. Bd3 a5 18. a4 Bc6 19. b3 Rab8 20. Bc2 Rfe8 21. Kd2 h5 22. Rde1 Kg7 23. Rhg1 Kh6 24. g4 h4 25. f4 Rg8 26. h3 Rbe8 27. Bd3 d6 28. Re2 Re7 29. Rge1 Rge8 30. Bc2 Kg7 31. Bd3 Rg8 32. e5 dxe5 33. fxe5 Ree8 34. exf6+ Kxf6 35. Rf1+ Kg7 36. Rf5 Rxe2+ 37. Bxe2 Bg2 38. Rxc5 Bxh3 39. Rh5 Rh8 40. Rxh8 Kxh8 41. Bf3 f5 42. gxf5 Bxf5 43. c5 Kg7 44. c6 Kf6 45. c7 Bc8 46. Kd3 Ke5 47. Bg2 h3 48. Bh1 h2 49. Kd2 Kd6 50. Kd3 Kxc7 51. Kxd4 Bb7 0-1